50 Cantores Brasileiros - Statistics

Estatísticas Gerais
  • Esse quiz foi jogado 287 vezes
  • A pontuação média é 16 de 50
Estatísticas das Respostas
Resposta % Correto
Roberto Carlos
64%
Luan Santana
61%
Caetano Veloso
59%
Tim Maia
56%
Cazuza
55%
Chico Buarque
55%
Gilberto Gil
52%
Gusttavo Lima
52%
Leonardo
52%
Djavan
48%
Tom Jobim
42%
Ney Matogrosso
41%
Milton Nascimento
40%
Luiz Gonzaga
39%
Renato Russo
39%
Zeca Pagodinho
39%
Zé Ramalho
39%
Daniel
38%
Alceu Valença
37%
Raul Seixas
37%
Seu Jorge
37%
Jorge Ben Jor
36%
Lulu Santos
32%
Péricles
32%
Thiaguinho
32%
Fabio Junior
30%
Nando Reis
30%
Gonzaguinha
29%
Michel Teló
27%
Toquinho
26%
Fagner
24%
João Gilberto
24%
Martinho da Vila
22%
Jão
21%
Reginaldo Rossi
21%
Jorge Aragão
20%
Paulinho da Viola
17%
Belo
16%
Amado Batista
14%
Eduardo Costa
14%
Dominguinhos
13%
Wando
13%
Ivan Lins
11%
Moraes Moreira
11%
Nelson Gonçalves
11%
Renato Teixeira
10%
Agnaldo Timoteo
9%
Agnaldo Rayol
7%
Maurício Manieri
6%
Odair José
6%
Nenhum quiz correspondente encontrado
Distribuição das Pontuações
Porcentagem de Pessoas com Cada Pontuação
Percentil de Números Respondidos
Sua Pontuação Histórica
Você não jogou esse quiz